[Event "Ennepe-Ruhr-Süd - Hellertal"]
[Site "?"]
[Date "2024.03.17"]
[Round "7.7"]
[White "Hassler, Rolf"]
[Black "Liesendahl, Felix"]
[Result "0-1"]
[WhiteElo "1776"]
[BlackElo "1866"]
[PlyCount "60"]
[EventDate "2024.??.??"]
[SourceVersionDate "2020.03.16"]

1. e4 c5 2. Nc3 d6 3. g3 g6 4. Bg2 Bg7 5. d3 Nc6 6. Be3 Rb8 7. Qd2 b5 8. f4 Bd7 9. Nd1 e6 10. Nf3 Nd4 11. c3 Nxf3+ 12. Bxf3 Ne7 13. h4 h5 14. Nf2 b4 15. d4 bxc3 16. bxc3 Qa5 17. O-O d5 18. Rab1 O-O 19. Nd3 cxd4 20. cxd4 Qxd2 21. Bxd2 Bxd4+ 22. Kg2 Bb5 23. Rb3 Bc4 24. Ra3 Bb2 25. Nxb2 Bxf1+ 26. Kxf1 Rxb2 27. Bc3 Rc2 28. Bb4 Rb8 29. Rc3 Rxa2 30. Ba3 Rb1+ 0-1